[Event "GER-chA Seniors 26th"]
[Site "Bad Neuenahr"]
[Date "2014.08.10"]
[Round "6"]
[White "Haase, Wolfgang"]
[Black "Klein, Leo"]
[Result "1-0"]
[WhiteElo "2124"]
[BlackElo "1937"]
[PlyCount "39"]
[EventDate "2014.08.05"]
[EventType "swiss"]
[EventRounds "9"]
[EventCountry "GER"]
[SourceTitle "EXT 2018"]
[Source "ChessBase"]
[SourceDate "2017.10.13"]
[SourceVersion "1"]
[SourceVersionDate "2017.10.13"]
[SourceQuality "1"]

1. e4 d6 2. d4 c6 3. f4 g6 4. Be3 Na6 5. c3 Nc7 6. Nf3 h5 7. Bd3 Bh6 8. Qd2 Nf6 9. h3 Ne6 10. Na3 Ng7 11. 0-0-0 Qa5 12. Kb1 b5 13. d5 Bd7 14. Nd4 cxd5 15. Nb3 Qa4 16. Bc2 Nxe4 17. Qxd5 Rc8 18. Bxe4 b4 19. cxb4 Qxb4 20. Rd4 1-0

[Event "GER-chA Seniors 26th"]
[Site "Bad Neuenahr"]
[Date "2014.08.06"]
[Round "2"]
[White "Klein, Leo"]
[Black "Gudath, Reiner"]
[Result "1-0"]
[WhiteElo "1937"]
[BlackElo "1990"]
[PlyCount "73"]
[EventDate "2014.08.05"]
[EventType "swiss"]
[EventRounds "9"]
[EventCountry "GER"]
[SourceTitle "EXT 2018"]
[Source "ChessBase"]
[SourceDate "2017.10.13"]
[SourceVersion "1"]
[SourceVersionDate "2017.10.13"]
[SourceQuality "1"]

1. d4 Nf6 2. Bf4 g6 3. h3 Bg7 4. e3 b6 5. Nf3 Bb7 6. Nbd2 0-0 7. c3 c5 8. Be2 d6 9. 0-0 Nbd7 10. Qb3 h6 11. Bh2 Ne4 12. Nxe4 Bxe4 13. Nd2 Bb7 14. Bf3 Bxf3 15. Nxf3 Nf6 16. Rfe1 d5 17. dxc5 bxc5 18. Rad1 Qb6 19. Qc2 Rfd8 20. Nd2 e6 21. b3 Rac8 22. c4 Qb7 23. Be5 Qe7 24. Qb2 Ne8 25. Bxg7 Nxg7 26. Qe5 Qb7 27. Qf4 g5 28. Qf3 Qe7 29. g4 Ne8 30. e4 dxc4 31. Nxc4 Rd4 32. Rxd4 cxd4 33. e5 Rd8 34. Rd1 Qc5 35. Rd3 a5 36. a4 Kg7 37. h4 1-0

[Event "Maastricht Limburg op Veterans 8th"]
[Site "Maastricht"]
[Date "2014.06.08"]
[Round "3"]
[White "Simonis, Peter"]
[Black "Klein, Leo"]
[Result "0-1"]
[WhiteElo "1672"]
[BlackElo "1937"]
[PlyCount "46"]
[EventDate "2014.06.06"]
[EventType "swiss"]
[EventRounds "5"]
[EventCountry "NED"]
[SourceTitle "EXT 2015"]
[Source "ChessBase"]
[SourceDate "2014.11.20"]
[SourceVersion "1"]
[SourceVersionDate "2014.11.20"]
[SourceQuality "1"]

1. e4 c6 2. d4 d6 3. Nf3 Bg4 4. h3 Bh5 5. Be3 Nf6 6. Nc3 Nbd7 7. Be2 Qa5 8. Nd2 Bxe2 9. Qxe2 e5 10. Nb3 Qc7 11. 0-0-0 Be7 12. dxe5 dxe5 13. f3 0-0 14. g4 b5 15. h4 b4 16. Na4 c5 17. Qc4 Nb6 18. Nxb6 axb6 19. h5 Rxa2 20. g5 Nd7 21. Rxd7 Qxd7 22. Rd1 Qa4 23. Rd3 b5 0-1

[Event "GER-ch Seniors 23rd"]
[Site "Halle"]
[Date "2011.08.11"]
[Round "7"]
[White "Hanisch, Friedrich"]
[Black "Klein, Leo"]
[Result "1-0"]
[WhiteElo "2092"]
[BlackElo "1982"]
[PlyCount "99"]
[EventDate "2011.08.05"]
[EventType "swiss"]
[EventRounds "9"]
[EventCountry "GER"]
[SourceTitle "CBM 144 Extra"]
[Source "ChessBase"]
[SourceDate "2011.10.28"]
[SourceVersion "1"]
[SourceVersionDate "2011.10.28"]
[SourceQuality "1"]

1. d4 d6 2. c4 Nf6 3. Nc3 Nbd7 4. e4 e5 5. Nf3 c6 6. Be2 Qa5 7. 0-0 Be7 8. Be3 0-0 9. h3 Re8 10. Rb1 Qc7 11. dxe5 dxe5 12. b4 Nf8 13. Qc2 h6 14. a4 Be6 15. Rfd1 Red8 16. c5 Rxd1+ 17. Rxd1 N6d7 18. Qb2 a5 19. b5 Bxc5 20. Bxc5 Nxc5 21. b6 Qb8 22. Qa3 Ncd7 23. Qb2 f6 24. Nd2 Qe8 25. Nc4 Bxc4 26. Bxc4+ Kh8 27. Rd6 Qe7 28. Rd1 Qc5 29. Be2 Qb4 30. Qd2 Qxb6 31. Rb1 Qc7 32. Bg4 Nc5 33. Qc2 b6 34. Nd1 Rb8 35. Ne3 Na6 36. Nf5 Nb4 37. Qc3 Rd8 38. Qc4 Kh7 39. Bd1 Ng6 40. h4 Nf4 41. g3 Nfd3 42. h5 Nc5 43. Bg4 Nxa4 44. Nh4 g5 45. hxg6+ Kg7 46. Bh5 b5 47. Nf5+ Kh8 48. Qe6 Rg8 49. Qxf6+ Rg7 50. Qf8+ 1-0

[Event "GER-ch Seniors 23rd"]
[Site "Halle"]
[Date "2011.08.08"]
[Round "4"]
[White "Klein, Leo"]
[Black "Knaak, Hans"]
[Result "1-0"]
[WhiteElo "1982"]
[BlackElo "1768"]
[PlyCount "57"]
[EventDate "2011.08.05"]
[EventType "swiss"]
[EventRounds "9"]
[EventCountry "GER"]
[SourceTitle "CBM 144 Extra"]
[Source "ChessBase"]
[SourceDate "2011.10.28"]
[SourceVersion "1"]
[SourceVersionDate "2011.10.28"]
[SourceQuality "1"]

1. d4 Nf6 2. Bf4 g6 3. e3 Bg7 4. Be2 0-0 5. c3 d6 6. Nd2 Nbd7 7. Ngf3 Nb6 8. e4 c5 9. dxc5 dxc5 10. 0-0 Bd7 11. Ne5 Rc8 12. Qc2 Be6 13. Rfd1 Qe8 14. a4 Nfd7 15. Ndf3 Nxe5 16. Nxe5 c4 17. Ng4 f5 18. Nh6+ Kh8 19. exf5 Bxh6 20. Bxh6 Bxf5 21. Qc1 Rf6 22. a5 Nd7 23. Bg5 Re6 24. Bf3 Nc5 25. Qf4 Nd3 26. Qd4+ Kg8 27. Bd5 Rd8 28. Bh6 Qf7 29. Bxe6 1-0

[Event "Teplice op 6th"]
[Site "Teplice"]
[Date "2011.06.19"]
[Round "9"]
[White "Klein, Leo"]
[Black "Kaluzny, Jiri"]
[Result "1-0"]
[WhiteElo "1972"]
[BlackElo "1866"]
[PlyCount "99"]
[EventDate "2011.06.11"]
[EventType "swiss"]
[EventRounds "9"]
[EventCountry "CZE"]
[SourceTitle "CBM 142 Extra"]
[Source "ChessBase"]
[SourceDate "2011.06.27"]
[SourceVersion "1"]
[SourceVersionDate "2011.06.27"]
[SourceQuality "1"]

1. d4 c5 2. d5 Nf6 3. Nc3 g6 4. e4 d6 5. Be2 Bg7 6. Be3 0-0 7. Qd2 a6 8. a4 Qc7 9. h3 Nbd7 10. Nf3 b6 11. 0-0 Bb7 12. Bh6 Rab8 13. Bxg7 Kxg7 14. Rfd1 Qd8 15. Qg5 h6 16. Qe3 Ne8 17. Nh2 Ndf6 18. f4 Nc7 19. Rf1 Bc8 20. Qf3 e6 21. Ng4 Nxg4 22. hxg4 exd5 23. exd5 Qf6 24. Rad1 Bd7 25. Ne4 Qxb2 26. c3 Rfe8 27. Rd2 Qb3 28. Nxd6 Re7 29. Bc4 Qxa4 30. Ra2 Bxg4 31. Qxg4 Qd7 32. Qxd7 Rxd7 33. Ne4 b5 34. Nxc5 Rdd8 35. Bb3 Nxd5 36. Bxd5 Rxd5 37. Nxa6 Rd6 38. Nb4 Rc8 39. Rf3 f5 40. Ra7+ Kf6 41. Ra6 Rxa6 42. Nxa6 g5 43. Nb4 gxf4 44. Nd5+ Kg5 45. Nxf4 Rc4 46. Nd5 h5 47. Kf2 Rc5 48. Rd3 Kg4 49. Rg3+ Kh4 50. Nf4 1-0

[Event "Teplice op 6th"]
[Site "Teplice"]
[Date "2011.06.14"]
[Round "4"]
[White "Horak, Ales"]
[Black "Klein, Leo"]
[Result "0-1"]
[WhiteElo "1550"]
[BlackElo "1972"]
[PlyCount "86"]
[EventDate "2011.06.11"]
[EventType "swiss"]
[EventRounds "9"]
[EventCountry "CZE"]
[SourceTitle "CBM 142 Extra"]
[Source "ChessBase"]
[SourceDate "2011.06.27"]
[SourceVersion "1"]
[SourceVersionDate "2011.06.27"]
[SourceQuality "1"]

1. e4 d6 2. d4 Nf6 3. Nc3 c6 4. Nf3 Bg4 5. Be2 Nbd7 6. 0-0 e5 7. dxe5 dxe5 8. Bg5 Be7 9. Nd2 Bxe2 10. Qxe2 Qc7 11. Rad1 0-0 12. Kh1 Rfe8 13. f4 b5 14. a3 h6 15. Bxf6 Bxf6 16. f5 a5 17. Qf3 b4 18. Ne2 Nb6 19. axb4 axb4 20. Qb3 Be7 21. Ng3 c5 22. Nc4 Nd7 23. Rxd7 Qxd7 24. Nxe5 Qd6 25. Nxf7 Qd4 26. Nd6+ c4 27. Qxc4+ Qxc4 28. Nxc4 Bf6 29. b3 Ra2 30. Rc1 Bg5 31. Re1 Rxc2 32. e5 Rc3 33. e6 Rxb3 34. Nd6 Ra8 35. Nge4 Re3 36. Rb1 b3 37. Nxg5 hxg5 38. Kg1 Kf8 39. Nc4 Rc3 40. Nb6 Ra2 41. Nd5 Rcc2 42. Nb4 Rxg2+ 43. Kh1 Rxh2+ 0-1

[Event "Niedersachsen-ch Seniors op 13th"]
[Site "Bad Bevensen"]
[Date "2010.07.13"]
[Round "8"]
[White "Jesse, Gustav"]
[Black "Klein, Leo"]
[Result "1-0"]
[WhiteElo "1686"]
[BlackElo "1791"]
[PlyCount "47"]
[EventDate "2010.07.06"]
[EventType "swiss"]
[EventRounds "9"]
[EventCountry "GER"]
[SourceTitle "EXT 2012"]
[Source "ChessBase"]
[SourceDate "2011.11.24"]
[SourceVersion "1"]
[SourceVersionDate "2011.11.24"]
[SourceQuality "1"]

1. e4 d6 2. d4 Nf6 3. Bd3 c6 4. Ne2 e5 5. 0-0 Be7 6. h3 Nbd7 7. c3 Nf8 8. Kh2 Ng6 9. f4 exf4 10. Nxf4 Nxf4 11. Bxf4 h6 12. Qf3 g5 13. e5 g4 14. Qf2 Nh5 15. g3 Nxf4 16. Qxf4 Be6 17. Bf5 Bg5 18. Qxg4 Bd5 19. Na3 dxe5 20. c4 Be6 21. Bxe6 fxe6 22. Qxe6+ Qe7 23. Qg6+ Kd7 24. Rf7 1-0

[Event "Niedersachsen-ch Seniors op 13th"]
[Site "Bad Bevensen"]
[Date "2010.07.11"]
[Round "6"]
[White "Gohlke, Karl Heinz"]
[Black "Klein, Leo"]
[Result "0-1"]
[WhiteElo "1714"]
[BlackElo "1791"]
[PlyCount "116"]
[EventDate "2010.07.06"]
[EventType "swiss"]
[EventRounds "9"]
[EventCountry "GER"]
[SourceTitle "EXT 2012"]
[Source "ChessBase"]
[SourceDate "2011.11.24"]
[SourceVersion "1"]
[SourceVersionDate "2011.11.24"]
[SourceQuality "1"]

1. d4 d6 2. c4 c6 3. Nc3 Nf6 4. g3 Bf5 5. Bg2 d5 6. Nf3 e6 7. 0-0 Be7 8. Bg5 Nbd7 9. cxd5 exd5 10. Qb3 Qb6 11. Qxb6 axb6 12. a3 h6 13. Bxf6 Bxf6 14. e3 0-0 15. Rac1 b5 16. Nd2 Be7 17. e4 dxe4 18. Bxe4 Bh3 19. Rfe1 b4 20. axb4 Bxb4 21. Ra1 Nf6 22. Bg2 Be6 23. h4 Rad8 24. Nf3 Nd5 25. Rec1 Ra8 26. Rxa8 Rxa8 27. Ne5 Ne7 28. Nd3 Bd6 29. Ne4 Rd8 30. Ndc5 Bc8 31. b4 b6 32. Nd3 Ba6 33. Nxd6 Bxd3 34. Nc4 Rxd4 35. Ne5 Bb5 36. Nxc6 Bxc6 37. Bxc6 Nxc6 38. Rxc6 Rxb4 39. Rc8+ Kh7 40. Rb8 Kg6 41. Rb7 Kf6 42. Kg2 h5 43. Kf3 g6 44. Ke3 Ke6 45. Kd3 f6 46. Kc3 Rb5 47. Kd3 Kf5 48. Ke3 Rb3+ 49. Ke2 Kg4 50. Rf7 Rb2+ 51. Ke3 Kf5 52. Rf8 Rb3+ 53. Ke2 Rc3 54. Rb8 Rc6 55. Ke3 Kg4 56. Rb7 Re6+ 57. Kd3 Kf3 58. Rg7 f5 0-1

[Event "Niedersachsen-ch Seniors op 13th"]
[Site "Bad Bevensen"]
[Date "2010.07.09"]
[Round "4"]
[White "Nolte, Wilhelm"]
[Black "Klein, Leo"]
[Result "1-0"]
[WhiteElo "1698"]
[BlackElo "1791"]
[PlyCount "63"]
[EventDate "2010.07.06"]
[EventType "swiss"]
[EventRounds "9"]
[EventCountry "GER"]
[SourceTitle "EXT 2012"]
[Source "ChessBase"]
[SourceDate "2011.11.24"]
[SourceVersion "1"]
[SourceVersionDate "2011.11.24"]
[SourceQuality "1"]

1. e4 d6 2. d4 Nf6 3. Nc3 c6 4. f4 Qa5 5. Bd2 e5 6. Nf3 Nbd7 7. Bd3 Qc7 8. 0-0 Be7 9. Qe2 0-0 10. a3 exd4 11. Nxd4 Nc5 12. Qe3 Ng4 13. Qg3 Bf6 14. Nf3 Nxd3 15. cxd3 h5 16. Rac1 Qd8 17. f5 Ne5 18. Nxe5 dxe5 19. Qf3 h4 20. Ne2 Bg5 21. Bxg5 Qxg5 22. h3 Qf6 23. Qh5 Rd8 24. Rfd1 b6 25. Rc3 Ba6 26. g4 g5 27. Rxc6 Qg7 28. Rh6 Bxd3 29. f6 Bxe4 30. Rxd8+ Rxd8 31. fxg7 Rd1+ 32. Kf2 1-0

[Event "Mecklenburg VP-ch Seniors op 09th"]
[Site "Binz"]
[Date "2009.12.08"]
[Round "8.14"]
[White "Klein, Leo"]
[Black "Achenbach, Manfred"]
[Result "0-1"]
[WhiteElo "1873"]
[BlackElo "2000"]
[PlyCount "32"]
[EventDate "2009.12.01"]
[EventType "swiss"]
[EventRounds "9"]
[EventCountry "GER"]
[SourceTitle "EXT 2022"]
[Source "ChessBase"]
[SourceDate "2021.10.06"]
[SourceVersion "1"]
[SourceVersionDate "2021.10.06"]
[SourceQuality "1"]

1. d4 c5 2. c3 g6 3. Nf3 Bg7 4. e3 b6 5. Bc4 Bb7 6. dxc5 Nf6 7. cxb6 axb6 8. 0-0 0-0 9. b3 Qc7 10. h3 Ra5 11. Bb2 Ne4 12. Nd4 Rg5 13. Nb5 Qc5 14. Ba3 Nxc3 15. N1xc3 Rxg2+ 16. Kh1 Qf5 0-1

[Event "Bad Bevensen Seniors op 12th"]
[Site "Bad Bevensen"]
[Date "2009.07.15"]
[Round "9"]
[White "Klein, Leo"]
[Black "Lenk, Konrad"]
[Result "0-1"]
[WhiteElo "1885"]
[BlackElo "1762"]
[PlyCount "120"]
[EventDate "2009.07.07"]
[EventType "swiss"]
[EventRounds "9"]
[EventCountry "GER"]
[SourceTitle "EXT 2022"]
[Source "ChessBase"]
[SourceDate "2021.10.06"]
[SourceVersion "1"]
[SourceVersionDate "2021.10.06"]
[SourceQuality "1"]

1. d4 Nf6 2. Bf4 g6 3. c3 Bg7 4. e3 c6 5. Nd2 d5 6. Be2 Nbd7 7. h3 0-0 8. Ngf3 Re8 9. Ne5 Nxe5 10. Bxe5 Nd7 11. Bxg7 Kxg7 12. Nf3 f6 13. 0-0 e5 14. dxe5 Nxe5 15. b3 Nxf3+ 16. Bxf3 Be6 17. Qd2 Qc7 18. Rfe1 Rad8 19. Rad1 Bf7 20. Qc2 Re7 21. Re2 Rde8 22. Red2 b5 23. Rd4 a5 24. Be2 Qb6 25. a3 Re4 26. R4d2 R4e7 27. Bf3 Rc7 28. h4 Qc5 29. b4 Qb6 30. Qb2 Rce7 31. Rd4 a4 32. Rf4 Rxe3 33. c4 Re1+ 34. Rxe1 Rxe1+ 35. Kh2 Qd8 36. Qc3 Re5 37. cxb5 cxb5 38. g4 Qd6 39. g5 Rxg5 40. Qxf6+ Qxf6 41. Rxf6 Kxf6 42. hxg5+ Kxg5 43. Kg3 Be6 44. Be2 Bd7 45. Bd3 Bc6 46. f4+ Kf6 47. Kg4 Bd7+ 48. Kh4 h6 49. Kg3 g5 50. fxg5+ hxg5 51. Kf3 Ke5 52. Ke3 g4 53. Bf1 Bc6 54. Bd3 d4+ 55. Kf2 Kf4 56. Bf1 g3+ 57. Kg1 Ke3 58. Be2 g2 59. Bd1 d3 60. Bg4 Bf3 0-1